000 00672nam a2200205Ii 4500
003 JO-AjNU
008 230605s9999||||xx |||||||||||||| ||und||
017 _a2005/6/1552
040 _aJO-AjNU
_bara
_erda
_cJO-AjNU
041 _aara
050 1 4 _aLB1025.3.S5248 2005
100 3 _aالشاطر،جمال محمد,
_eauthor
_921754
245 0 0 _aأساسيات التربية والتعليم الفعال
264 3 1 _aعمان:دار أسامة للنشر والتوزيع،2005
300 _a216ص
336 _atext
_btxt
_2rdacontent
337 _aunmediated
_bn
_2rdamedia
338 _avolume
_bnc
_2rdacarrier
650 4 _aالتعليم-التدريس
_921755
999 _aA7610
_c11178
_d11178